000 01162njm a22002657a 4500
005 20100830143451.0
007 sd ammalaaahaa
008 100830t xxu||||| |||| 00| 0 hin d
028 _aN. 94757
_bHis Master's Voice
028 _aOJM. 630
_bHis Master's Voice
028 _aOJM. 633
_bHis Master's Voice
035 _aGR-277
040 _aSED/VEN
100 _917458
_aRavi Sankar
245 _aInstrumental sitar-puriya kalyan part 1 /
_cby Ravi Sankar ; tabla accompaniment by Chatur Lal
_h[Sound recording] :
246 _aइन्स्त्रुमेंतल सितार-पुरिया कल्याण (रवि संकर)
260 _aDum Dum, India
_bHis Master Voice
300 _a1 Sound disc [Gramophone Record] :
_banlog, 33 1/3 rpm
_c10 in (LP)
_fGramophone Records
500 _aBrief record
505 _aInstrumental sitar-sindhe bherbi-thumari (सितार -सिंधे भेरबी-ठुमरी) भाग 2
650 _aClasical music
_91186
_zIndia
_xExcerpts
700 _917459
_aCatur Lal
942 _2ddc
_cGR
999 _c43352
_d43352